00756nam a22002171 4500001000700000003000900007005001700016007000300033008004100036016001800077040002100095080001500116100002600131245010200157260004300259300003400302700003100336852003100367999001900398952012100417134574ES-MaACL20230906194713.0t|070912s1951 sp ||||0| spa d7 zIND2000944634 aM-BN bspa cCDM a546(075.8)1 aWiberg, Egon.911673210aQuímica inorgánica moderna / cpor... Egon Wiberg... ; traducción de... J. Martín Sauras. aBarcelona : bManuel Marín, c[1951] aXXIV, 750 p : bil ; c24 cm.1 aMartín Sauras, J.977660 aES-MaACLjD-6758 bR.31749 c134574d134574 00104070aATENEOMbATENEOMcSVId2008-01-17eSCl0oD-6758p901140074r2023-02-23 00:00:00w2023-02-23yMONOGRAFIA